[Event "C18"]
[Site "?"]
[Date "2016.08.07"]
[Round "12.2"]
[White "Niekras, Dawid"]
[Black "Nowak, Kamil"]
[Result "1-0"]
[LiveChessVersion "1.4.8"]
[BlackElo "1821"]
[WhiteElo "2157"]

1. e4 {[%clk 0:03:03]} e5 {[%clk 0:03:04]} 2. Nf3 {[%clk 0:03:03]} Nc6
{[%clk 0:03:05]} 3. Bb5 {[%clk 0:03:04]} a6 {[%clk 0:03:06]} 4. Ba4
{[%clk 0:03:05]} Nf6 {[%clk 0:03:07]} 5. O-O {[%clk 0:03:06]} Be7
{[%clk 0:03:09]} 6. Re1 b5 7. Bb3 {[%clk 0:03:08]} d6 {[%clk 0:03:12]} 8. c3
{[%clk 0:03:10]} O-O {[%clk 0:03:13]} 9. h3 {[%clk 0:03:11]} Nb8 {[%clk 0:03:14]}
10. d4 {[%clk 0:03:12]} Nbd7 11. c4 c6 {[%clk 0:03:13]} 12. a3 {[%clk 0:03:10]}
Bb7 {[%clk 0:03:14]} 13. Nc3 {[%clk 0:03:11]} h6 {[%clk 0:03:08]} 14. Nh4
{[%clk 0:01:55]} Re8 {[%clk 0:03:08]} 15. Nf5 {[%clk 0:01:56]} Bf8
{[%clk 0:03:07]} 16. dxe5 {[%clk 0:01:31]} dxe5 {[%clk 0:03:00]} 17. Nd6
{[%clk 0:01:27]} Bxd6 {[%clk 0:02:53]} 18. Qxd6 {[%clk 0:01:27]} Nb6
{[%clk 0:02:36]} 19. Qxd8 {[%clk 0:01:06]} Raxd8 {[%clk 0:02:37]} 20. c5
{[%clk 0:00:40]} Nbd7 {[%clk 0:02:15]} 21. Be3 Nf8 22. f3 {[%clk 0:00:39]} Bc8
{[%clk 0:02:17]} 23. Rad1 {[%clk 0:00:39]} Be6 {[%clk 0:02:19]} 24. Bxe6
{[%clk 0:00:29]} Nxe6 {[%clk 0:02:20]} 25. Kf2 {[%clk 0:00:29]} Kf8
{[%clk 0:02:21]} 26. Ne2 {[%clk 0:00:28]} Ke7 {[%clk 0:02:16]} 27. Nc1
{[%clk 0:00:21]} a5 {[%clk 0:02:12]} 28. Ke2 {[%clk 0:00:18]} a4 {[%clk 0:02:08]}
29. Nd3 {[%clk 0:00:18]} Nd7 {[%clk 0:02:03]} 30. Rc1 {[%clk 0:00:17]} f6
{[%clk 0:02:01]} 31. Nb4 {[%clk 0:00:19]} Nb8 {[%clk 0:02:00]} 32. Red1
{[%clk 0:00:20]} g5 {[%clk 0:01:52]} 33. g3 {[%clk 0:00:13]} h5 {[%clk 0:01:53]}
34. Rh1 {[%clk 0:00:11]} Rd7 {[%clk 0:01:48]} 35. h4 {[%clk 0:00:08]} Rh8
{[%clk 0:01:31]} 36. Rh2 {[%clk 0:00:09]} Ke8 {[%clk 0:01:31]} 37. Rch1
{[%clk 0:00:10]} Rdh7 {[%clk 0:01:32]} 38. Rd1 {[%clk 0:00:08]} Rd7
{[%clk 0:01:31]} 39. Rdh1 {[%clk 0:00:09]} Rdh7 {[%clk 0:01:32]} 40. Rd1
{[%clk 0:00:10]} 1-0

[Event "C18"]
[Site "?"]
[Date "2016.08.07"]
[Round "12.3"]
[White "Kucza, Karol"]
[Black "Karwowski, Kacper"]
[Result "1-0"]
[LiveChessVersion "1.4.8"]
[BlackElo "2002"]
[WhiteElo "2184"]

1. e4 {[%clk 0:03:03]} c5 {[%clk 0:03:04]} 2. Nf3 {[%clk 0:03:05]} Nc6 3. d4 cxd4
{[%clk 0:03:06]} 4. Nxd4 e6 5. Nc3 {[%clk 0:03:08]} a6 {[%clk 0:03:09]} 6. Be3
{[%clk 0:03:09]} Qc7 {[%clk 0:03:11]} 7. Qd2 {[%clk 0:03:10]} Nf6
{[%clk 0:03:06]} 8. O-O-O {[%clk 0:03:10]} Ne5 {[%clk 0:03:06]} 9. f4
{[%clk 0:03:08]} Neg4 {[%clk 0:02:58]} 10. e5 {[%clk 0:02:41]} Nxe3
{[%clk 0:02:58]} 11. Qxe3 {[%clk 0:02:42]} Ng4 {[%clk 0:02:59]} 12. Qf3
{[%clk 0:02:41]} f5 {[%clk 0:02:58]} 13. h3 {[%clk 0:02:41]} Nh6 {[%clk 0:02:59]}
14. g4 {[%clk 0:02:39]} g6 {[%clk 0:02:56]} 15. Bg2 {[%clk 0:02:16]} Rb8
{[%clk 0:02:54]} 16. gxf5 {[%clk 0:02:14]} Nxf5 {[%clk 0:02:51]} 17. Nxf5
{[%clk 0:02:14]} gxf5 {[%clk 0:02:43]} 18. Qh5+ Kd8 19. Qf7 {[%clk 0:02:12]} Be7
{[%clk 0:02:40]} 20. Qxe6 {[%clk 0:02:11]} Rf8 {[%clk 0:02:38]} 21. Qxe7+
{[%clk 0:01:53]} Kxe7 {[%clk 0:02:38]} 22. Nd5+ {[%clk 0:01:55]} Kd8
{[%clk 0:02:39]} 23. Nxc7 {[%clk 0:01:56]} Kxc7 {[%clk 0:02:40]} 24. Rd6
{[%clk 0:01:57]} Rg8 {[%clk 0:02:37]} 25. Bd5 {[%clk 0:01:54]} Rf8
{[%clk 0:02:23]} 26. Rh6 {[%clk 0:01:54]} b5 {[%clk 0:02:20]} 27. Rxh7
{[%clk 0:01:54]} Rb6 {[%clk 0:02:20]} 28. h4 {[%clk 0:01:55]} Rg6
{[%clk 0:02:12]} 29. h5 {[%clk 0:01:56]} Rg4 {[%clk 0:02:13]} 30. Rf7
{[%clk 0:01:52]} Rh8 {[%clk 0:02:04]} 31. Rxf5 {[%clk 0:01:53]} Kb6
{[%clk 0:02:05]} 32. b4 {[%clk 0:01:49]} a5 {[%clk 0:02:06]} 33. Rf6+ Kc7 34.
bxa5 {[%clk 0:01:51]} b4 {[%clk 0:02:08]} 35. h6 {[%clk 0:01:48]} d6
{[%clk 0:02:09]} 36. exd6+ {[%clk 0:01:46]} Kb8 {[%clk 0:02:11]} 37. Be6
{[%clk 0:01:34]} Bxe6 {[%clk 0:02:05]} 38. Rxe6 {[%clk 0:01:35]} Rxf4
{[%clk 0:02:06]} 39. h7 {[%clk 0:01:32]} Rf7 {[%clk 0:02:08]} 40. Re7
{[%clk 0:01:33]} Rxe7 {[%clk 0:02:08]} 41. dxe7 {[%clk 0:01:34]} Kc7
{[%clk 0:02:10]} 42. Re1 {[%clk 0:01:31]} Re8 {[%clk 0:02:10]} 43. h8=Q
{[%clk 0:01:30]} Rxh8 {[%clk 0:02:11]} 44. e8=Q {[%clk 0:01:29]} 1-0

[Event "C18"]
[Site "?"]
[Date "2016.08.07"]
[Round "12.4"]
[White "Smieszek, Wojciech"]
[Black "Buraczewski, Rafal"]
[Result "1/2-1/2"]
[LiveChessVersion "1.4.8"]
[BlackElo "1858"]
[WhiteElo "2042"]

1. Nf3 {[%clk 0:02:56]} Nf6 {[%clk 0:03:02]} 2. b3 {[%clk 0:02:53]} g6
{[%clk 0:03:02]} 3. Bb2 {[%clk 0:02:55]} Bg7 4. g3 {[%clk 0:02:52]} O-O
{[%clk 0:03:03]} 5. Bg2 {[%clk 0:02:53]} c6 {[%clk 0:03:04]} 6. O-O
{[%clk 0:02:47]} d6 {[%clk 0:03:05]} 7. c4 {[%clk 0:02:44]} Qc7 {[%clk 0:03:01]}
8. d4 {[%clk 0:02:44]} Bg4 {[%clk 0:02:50]} 9. h3 {[%clk 0:02:21]} Bf5
{[%clk 0:02:50]} 10. Nc3 {[%clk 0:02:19]} Ne4 {[%clk 0:02:36]} 11. Nh4
{[%clk 0:01:56]} Nxc3 {[%clk 0:02:29]} 12. Bxc3 {[%clk 0:01:57]} Bd7
{[%clk 0:02:21]} 13. e4 {[%clk 0:01:58]} c5 {[%clk 0:02:17]} 14. Nf3
{[%clk 0:01:58]} cxd4 {[%clk 0:02:17]} 15. Bxd4 {[%clk 0:01:57]} Bxd4 16. Nxd4
Nc6 {[%clk 0:02:05]} 17. Rc1 {[%clk 0:01:51]} Nxd4 {[%clk 0:02:04]} 18. Qxd4
{[%clk 0:01:52]} Qa5 {[%clk 0:01:59]} 19. Rc2 {[%clk 0:01:45]} Bc6
{[%clk 0:01:33]} 20. Qb2 Qc7 {[%clk 0:00:54]} 21. h4 {[%clk 0:01:22]} b6
{[%clk 0:00:53]} 22. h5 {[%clk 0:01:18]} gxh5 {[%clk 0:00:38]} 23. Qc3
{[%clk 0:01:10]} Qb7 {[%clk 0:00:35]} 24. Qf3 {[%clk 0:01:09]} f5
{[%clk 0:00:30]} 25. Qxh5 {[%clk 0:01:07]} Bxe4 {[%clk 0:00:31]} 26. Bxe4
{[%clk 0:01:03]} Qxe4 {[%clk 0:00:32]} 27. Re2 {[%clk 0:01:04]} Qg4
{[%clk 0:00:11]} 28. Qxg4+ {[%clk 0:01:03]} fxg4 {[%clk 0:00:12]} 29. Rxe7
{[%clk 0:01:04]} Rf7 {[%clk 0:00:11]} 30. Rfe1 {[%clk 0:00:57]} Kg7
{[%clk 0:00:11]} 31. R1e6 {[%clk 0:00:42]} Rd8 {[%clk 0:00:05]} 32. Rxf7+
{[%clk 0:00:39]} Kxf7 {[%clk 0:00:07]} 33. Re4 {[%clk 0:00:38]} h5
{[%clk 0:00:07]} 34. Rd4 {[%clk 0:00:38]} Ke6 {[%clk 0:00:07]} 35. Rd5
{[%clk 0:00:39]} Rh8 {[%clk 0:00:06]} 36. Rg5 {[%clk 0:00:39]} Kf6
{[%clk 0:00:06]} 37. Rd5 {[%clk 0:00:40]} Ke6 {[%clk 0:00:07]} 38. Kg2
{[%clk 0:00:41]} h4 {[%clk 0:00:08]} 39. gxh4 {[%clk 0:00:41]} Rxh4
{[%clk 0:00:09]} 40. Rg5 {[%clk 0:00:41]} Kf6 {[%clk 0:00:10]} 41. Rd5
{[%clk 0:00:35]} Ke6 {[%clk 0:00:11]} 42. Kg3 {[%clk 0:00:26]} Rh1
{[%clk 0:00:09]} 43. Kxg4 {[%clk 0:00:24]} Ra1 {[%clk 0:00:10]} 44. Rd2
{[%clk 0:00:25]} a5 {[%clk 0:00:10]} 45. f4 {[%clk 0:00:25]} Re1 {[%clk 0:00:12]}
46. f5+ {[%clk 0:00:20]} Kd7 {[%clk 0:00:09]} 47. Rf2 {[%clk 0:00:17]} Ke7
{[%clk 0:00:11]} 1/2-1/2

[Event "C18"]
[Site "?"]
[Date "2016.08.07"]
[Round "12.5"]
[White "Michalski, Filip"]
[Black "Szostko, Jakub"]
[Result "0-1"]
[LiveChessVersion "1.4.8"]
[BlackElo "2157"]
[WhiteElo "1916"]

1. d4 {[%clk 0:03:03]} Nf6 {[%clk 0:03:03]} 2. c4 {[%clk 0:03:04]} g6
{[%clk 0:03:04]} 3. Nc3 {[%clk 0:03:05]} Bg7 {[%clk 0:03:06]} 4. e4
{[%clk 0:03:07]} d6 {[%clk 0:03:06]} 5. Nf3 {[%clk 0:03:07]} O-O {[%clk 0:03:06]}
6. Be2 {[%clk 0:03:08]} e5 {[%clk 0:03:07]} 7. Be3 {[%clk 0:03:09]} Ng4
{[%clk 0:03:07]} 8. Bg5 {[%clk 0:03:10]} f6 {[%clk 0:03:08]} 9. Bh4
{[%clk 0:03:12]} Nc6 {[%clk 0:03:08]} 10. d5 {[%clk 0:03:11]} Ne7
{[%clk 0:03:08]} 11. b4 {[%clk 0:02:59]} h5 {[%clk 0:02:53]} 12. Nd2
{[%clk 0:02:58]} Nh6 {[%clk 0:02:40]} 13. f3 {[%clk 0:02:57]} a5 {[%clk 0:02:30]}
14. a3 {[%clk 0:02:58]} g5 {[%clk 0:02:26]} 15. Bf2 {[%clk 0:02:59]} h4
{[%clk 0:02:19]} 16. c5 {[%clk 0:03:00]} Ng6 {[%clk 0:02:14]} 17. cxd6
{[%clk 0:02:54]} cxd6 {[%clk 0:02:15]} 18. Nc4 {[%clk 0:02:52]} Nf4
{[%clk 0:02:08]} 19. O-O {[%clk 0:02:33]} axb4 {[%clk 0:01:43]} 20. axb4
{[%clk 0:02:35]} Rxa1 {[%clk 0:01:44]} 21. Qxa1 {[%clk 0:02:36]} f5
{[%clk 0:01:32]} 22. Qa5 {[%clk 0:02:10]} Qf6 {[%clk 0:01:18]} 23. Re1
{[%clk 0:01:59]} g4 {[%clk 0:01:16]} 24. exf5 {[%clk 0:01:55]} Nxe2+
{[%clk 0:01:15]} 25. Rxe2 gxf3 {[%clk 0:00:52]} 26. Re3 {[%clk 0:01:36]} Qg5 27.
g3 {[%clk 0:00:45]} hxg3 {[%clk 0:00:53]} 28. hxg3 {[%clk 0:00:43]} Qxf5
{[%clk 0:00:29]} 29. Nd2 {[%clk 0:00:21]} Qc2 {[%clk 0:00:16]} 30. Nde4
{[%clk 0:00:08]} Ng4 {[%clk 0:00:16]} 31. Re1 {[%clk 0:00:05]} Bf5
{[%clk 0:00:15]} 32. Qa4 {[%clk 0:00:03]} Bxe4 {[%clk 0:00:15]} 33. Qxc2
{[%clk 0:00:03]} Bxc2 {[%clk 0:00:16]} 34. Nb5 {[%clk 0:00:05]} Nxf2
{[%clk 0:00:13]} 35. Kxf2 {[%clk 0:00:06]} e4 {[%clk 0:00:14]} 36. Ke3
{[%clk 0:00:04]} Bd3 {[%clk 0:00:15]} 37. Nxd6 {[%clk 0:00:05]} f2
{[%clk 0:00:16]} 0-1

[Event "C18"]
[Site "?"]
[Date "2016.08.10"]
[Round "13.1"]
[White "Niekras, Dawid"]
[Black "Kucza, Karol"]
[Result "1/2-1/2"]
[LiveChessVersion "1.4.8"]
[BlackElo "2184"]
[WhiteElo "2157"]

1. e4 e5 2. Nf3 Nc6 3. Bb5 a6 4. Ba4 Nf6 5. O-O Be7 6. Re1 b5 7. Bb3 d6 8. c3 O-O
9. h3 Nb8 10. d4 Nbd7 11. c4 c6 12. a3 Qc7 13. Nc3 Re8 14. Ba2 Rb8 15. cxb5 axb5
16. Qb3 Rf8 17. Bg5 h6 18. Bh4 Nb6 19. dxe5 dxe5 20. Bg3 Bd6 21. Rac1 Be6 22. Qc2
Bxa2 23. Nxa2 Nc4 24. Nd2 Nxd2 25. Qxd2 Rfd8 26. Qc2 Rbc8 27. Nc3 Bc5 28. Bh4 g5
29. Bg3 Bd4 30. Nxb5 Qb6 31. Nxd4 exd4 32. e5 d3 33. Qd2 Nh5 34. Re3 Rb8 35. b4
Qa6 36. Rc3 Rd5 37. Rcxd3 Rbd8 38. Rxd5 Rxd5 39. Qe2 Qxe2 40. Rxe2 Nxg3 41. fxg3
Rd3 42. e6 fxe6 43. Rxe6 Rxa3 44. Rxc6 Kg7 45. g4 Rb3 46. Rb6 Rb2 47. b5 Kh7 48.
Rb7+ Kg6 49. b6 Kf6 50. Rb8 Kg7 51. Kf1 Kf7 52. b7 Kg7 53. Kg1 Rb6 54. Kh2 Rb3
55. g3 Rb2+ 56. Kg1 Kh7 57. h4 Kg7 58. h5 Kh7 59. Kf1 Kg7 60. Ke1 Kh7 61. Kd1 Kg7
62. Kc1 Rb3 63. Kc2 Rb4 64. Kc3 Rb1 65. Kd4 Rd1+ 66. Ke5 Re1+ 67. Kd5 1/2-1/2

[Event "C18"]
[Site "?"]
[Date "2016.08.10"]
[Round "13.2"]
[White "Molenda, Marcin"]
[Black "Szostko, Jakub"]
[Result "1-0"]
[LiveChessVersion "1.4.8"]
[BlackElo "2157"]
[WhiteElo "2187"]

1. d4 {[%clk 0:03:03]} Nf6 {[%clk 0:03:03]} 2. Nf3 {[%clk 0:03:04]} g6
{[%clk 0:03:05]} 3. c4 {[%clk 0:03:05]} Bg7 4. g3 O-O {[%clk 0:03:06]} 5. Bg2
{[%clk 0:03:08]} d6 {[%clk 0:03:08]} 6. O-O {[%clk 0:03:08]} Nc6 {[%clk 0:03:09]}
7. Nc3 a6 8. h3 {[%clk 0:03:05]} Rb8 {[%clk 0:03:11]} 9. e4 {[%clk 0:03:06]} b5
{[%clk 0:03:09]} 10. e5 {[%clk 0:03:04]} dxe5 {[%clk 0:02:56]} 11. dxe5
{[%clk 0:03:05]} Qxd1 {[%clk 0:02:53]} 12. Rxd1 {[%clk 0:03:06]} Nd7
{[%clk 0:02:54]} 13. cxb5 {[%clk 0:02:59]} axb5 {[%clk 0:02:55]} 14. Be3
{[%clk 0:02:47]} Ncxe5 {[%clk 0:01:33]} 15. Nxe5 {[%clk 0:02:47]} Bxe5
{[%clk 0:01:06]} 16. Ba7 {[%clk 0:02:40]} b4 {[%clk 0:01:03]} 17. Nd5
{[%clk 0:02:34]} Bd6 {[%clk 0:01:01]} 18. Bxb8 {[%clk 0:02:30]} Nxb8
{[%clk 0:01:02]} 19. Rac1 {[%clk 0:02:31]} c6 {[%clk 0:01:02]} 20. Nb6
{[%clk 0:02:28]} Be6 {[%clk 0:01:01]} 21. b3 {[%clk 0:02:27]} Be5
{[%clk 0:00:49]} 22. Nc4 {[%clk 0:02:21]} Bc3 {[%clk 0:00:47]} 23. Na5
{[%clk 0:02:06]} Bf5 {[%clk 0:00:43]} 24. Nxc6 {[%clk 0:01:58]} Nxc6
{[%clk 0:00:44]} 25. Bxc6 {[%clk 0:01:59]} Bxh3 {[%clk 0:00:41]} 26. Bd7
{[%clk 0:01:51]} Bxd7 {[%clk 0:00:38]} 27. Rxd7 Ra8 28. Rc2 {[%clk 0:01:50]} Kf8
{[%clk 0:00:41]} 29. Re2 {[%clk 0:01:49]} e6 {[%clk 0:00:41]} 30. Kg2
{[%clk 0:01:46]} h5 {[%clk 0:00:43]} 31. f4 {[%clk 0:01:45]} Ke8 {[%clk 0:00:44]}
32. Rb7 {[%clk 0:01:46]} Rd8 {[%clk 0:00:42]} 33. Ra7 {[%clk 0:01:44]} Rd3
{[%clk 0:00:34]} 34. a3 {[%clk 0:01:40]} bxa3 {[%clk 0:00:34]} 35. Rxa3
{[%clk 0:01:41]} Bb4 {[%clk 0:00:36]} 36. Ra8+ {[%clk 0:01:41]} Ke7
{[%clk 0:00:37]} 37. Rb8 {[%clk 0:01:31]} Rxb3 {[%clk 0:00:17]} 38. Kh3
{[%clk 0:01:06]} Rb1 {[%clk 0:00:17]} 39. Re4 {[%clk 0:01:04]} Rh1+
{[%clk 0:00:10]} 40. Kg2 {[%clk 0:01:05]} Bd6 {[%clk 0:00:11]} 41. Rb7+
{[%clk 0:01:07]} 1-0

[Event "C18"]
[Site "?"]
[Date "2016.08.10"]
[Round "13.3"]
[White "Smieszek, Wojciech"]
[Black "Piotrowski, Przemyslaw"]
[Result "1-0"]
[LiveChessVersion "1.4.8"]
[BlackElo "2131"]
[WhiteElo "2042"]

1. e4 {[%clk 0:03:03]} c5 {[%clk 0:03:04]} 2. Nf3 {[%clk 0:03:04]} d6
{[%clk 0:03:05]} 3. d4 {[%clk 0:03:05]} cxd4 {[%clk 0:03:06]} 4. Nxd4
{[%clk 0:03:06]} Nf6 {[%clk 0:03:07]} 5. Nc3 {[%clk 0:03:08]} Nc6
{[%clk 0:03:09]} 6. Bc4 {[%clk 0:03:09]} e6 {[%clk 0:03:10]} 7. Be3
{[%clk 0:03:06]} a6 {[%clk 0:03:11]} 8. Bb3 {[%clk 0:03:06]} Qc7 {[%clk 0:03:11]}
9. Qe2 {[%clk 0:03:06]} Na5 {[%clk 0:03:12]} 10. O-O-O {[%clk 0:02:56]} b5 11. f3
{[%clk 0:02:48]} Bb7 {[%clk 0:03:14]} 12. g4 {[%clk 0:02:37]} Nxb3+
{[%clk 0:03:13]} 13. Nxb3 {[%clk 0:02:21]} Be7 {[%clk 0:03:13]} 14. g5
{[%clk 0:02:14]} Nd7 {[%clk 0:03:14]} 15. h4 {[%clk 0:01:48]} Ne5
{[%clk 0:03:15]} 16. Bd4 {[%clk 0:01:46]} Rc8 {[%clk 0:03:09]} 17. Bxe5
{[%clk 0:01:26]} dxe5 {[%clk 0:03:08]} 18. Kb1 {[%clk 0:01:25]} Bc6
{[%clk 0:03:00]} 19. f4 {[%clk 0:01:08]} b4 {[%clk 0:02:58]} 20. Nd5
{[%clk 0:01:09]} exd5 {[%clk 0:02:56]} 21. exd5 {[%clk 0:01:10]} Bb5
{[%clk 0:02:53]} 22. Qe4 {[%clk 0:01:01]} Qc4 {[%clk 0:02:42]} 23. Qxe5
{[%clk 0:00:53]} O-O {[%clk 0:02:12]} 24. Qxe7 {[%clk 0:00:48]} Rfe8
{[%clk 0:02:06]} 25. Qb7 {[%clk 0:00:14]} Qxc2+ {[%clk 0:02:05]} 26. Ka1
{[%clk 0:00:15]} Re2 {[%clk 0:02:05]} 27. Rd2 {[%clk 0:00:13]} Rxd2
{[%clk 0:01:48]} 28. Nxd2 {[%clk 0:00:14]} Bd3 {[%clk 0:01:48]} 29. Nb3
{[%clk 0:00:09]} g6 {[%clk 0:01:41]} 30. Qxb4 {[%clk 0:00:10]} Be4
{[%clk 0:01:35]} 31. Re1 {[%clk 0:00:11]} Bxd5 {[%clk 0:01:35]} 32. Rb1
{[%clk 0:00:03]} Be4 {[%clk 0:01:26]} 33. Re1 {[%clk 0:00:04]} Bd5
{[%clk 0:01:27]} 34. h5 {[%clk 0:00:05]} a5 {[%clk 0:01:19]} 35. Qa4
{[%clk 0:00:03]} Bc6 {[%clk 0:01:06]} 36. Qd4 {[%clk 0:00:04]} gxh5
{[%clk 0:00:57]} 37. Rc1 {[%clk 0:00:05]} Qg2 {[%clk 0:00:55]} 38. Nxa5
{[%clk 0:00:06]} h4 {[%clk 0:00:50]} 39. Nxc6 {[%clk 0:00:07]} Rxc6
{[%clk 0:00:52]} 40. Qd8+ {[%clk 0:00:08]} Kg7 {[%clk 0:00:52]} 41. Qd4+
{[%clk 0:00:09]} Kg8 {[%clk 0:00:53]} 42. Re1 {[%clk 0:00:10]} Rc8
{[%clk 0:00:45]} 43. f5 {[%clk 0:00:11]} Qf3 {[%clk 0:00:39]} 44. Qd7
{[%clk 0:00:11]} Qa8 {[%clk 0:00:28]} 45. g6 {[%clk 0:00:10]} hxg6
{[%clk 0:00:27]} 46. fxg6 {[%clk 0:00:11]} fxg6 {[%clk 0:00:27]} 47. Rf1
{[%clk 0:00:12]} Rf8 {[%clk 0:00:23]} 48. Qe6+ {[%clk 0:00:13]} Kg7
{[%clk 0:00:24]} 49. Qe7+ {[%clk 0:00:13]} Kg8 {[%clk 0:00:25]} 50. Rg1
{[%clk 0:00:14]} Qc6 {[%clk 0:00:15]} 51. Qxh4 {[%clk 0:00:14]} Qa6
{[%clk 0:00:09]} 52. Qh3 {[%clk 0:00:11]} Qd6 {[%clk 0:00:06]} 53. a3
{[%clk 0:00:08]} Rf7 {[%clk 0:00:06]} 54. Qg4 {[%clk 0:00:08]} Kg7
{[%clk 0:00:07]} 55. Rh1 {[%clk 0:00:08]} Qd3 {[%clk 0:00:04]} 56. Qg2
{[%clk 0:00:06]} Rd7 {[%clk 0:00:03]} 57. Qh2 {[%clk 0:00:06]} Qd2
{[%clk 0:00:03]} 58. Qh8+ {[%clk 0:00:04]} Kf7 {[%clk 0:00:04]} 59. Rh7+ Ke6 60.
Qe8+ {[%clk 0:00:05]} Kf6 {[%clk 0:00:06]} 61. Rxd7 {[%clk 0:00:05]} Qc1+
{[%clk 0:00:07]} 62. Ka2 {[%clk 0:00:06]} Qc4+ {[%clk 0:00:08]} 63. Kb1
{[%clk 0:00:07]} Qf1+ {[%clk 0:00:07]} 64. Kc2 {[%clk 0:00:08]} Qc4+
{[%clk 0:00:04]} 65. Kd2 {[%clk 0:00:08]} Qf4+ {[%clk 0:00:04]} 66. Qe3
{[%clk 0:00:06]} Qh2+ {[%clk 0:00:06]} 67. Kc3 {[%clk 0:00:06]} Qh1
{[%clk 0:00:05]} 68. Qd4+ {[%clk 0:00:07]} Kg5 {[%clk 0:00:05]} 69. Rd5+
{[%clk 0:00:08]} 1-0

[Event "C18"]
[Site "?"]
[Date "2016.08.10"]
[Round "13.4"]
[White "Kindler, Przemyslaw"]
[Black "Jarmula, Lukasz"]
[Result "0-1"]
[LiveChessVersion "1.4.8"]
[BlackElo "2162"]
[WhiteElo "1985"]

1. e4 {[%clk 0:03:03]} c5 {[%clk 0:03:03]} 2. Nf3 {[%clk 0:03:04]} d6 3. d3 Nc6
{[%clk 0:03:03]} 4. g3 {[%clk 0:03:07]} e5 {[%clk 0:03:02]} 5. Bg2
{[%clk 0:03:08]} Nf6 {[%clk 0:03:03]} 6. O-O {[%clk 0:03:08]} Be7
{[%clk 0:03:03]} 7. Re1 {[%clk 0:03:07]} O-O {[%clk 0:03:03]} 8. Nbd2
{[%clk 0:03:08]} h6 {[%clk 0:03:03]} 9. Nf1 {[%clk 0:03:06]} Be6 {[%clk 0:03:03]}
10. Ne3 {[%clk 0:03:07]} Re8 {[%clk 0:02:55]} 11. c3 {[%clk 0:03:06]} Bf8
{[%clk 0:02:54]} 12. Qc2 {[%clk 0:02:50]} Rc8 {[%clk 0:02:53]} 13. Bd2
{[%clk 0:02:47]} b5 {[%clk 0:02:44]} 14. Nf5 {[%clk 0:02:23]} d5 {[%clk 0:02:33]}
15. N3h4 {[%clk 0:01:39]} d4 {[%clk 0:02:34]} 16. Rad1 {[%clk 0:01:33]} c4
{[%clk 0:02:28]} 17. dxc4 {[%clk 0:01:26]} d3 {[%clk 0:02:24]} 18. Qc1
{[%clk 0:01:26]} bxc4 {[%clk 0:02:23]} 19. Ne3 {[%clk 0:00:55]} Rb8
{[%clk 0:02:01]} 20. Nd5 {[%clk 0:00:34]} Nxd5 {[%clk 0:01:54]} 21. exd5
{[%clk 0:00:35]} Bxd5 {[%clk 0:01:54]} 22. Nf5 {[%clk 0:00:32]} Bxg2
{[%clk 0:01:51]} 23. Kxg2 {[%clk 0:00:33]} Qd5+ {[%clk 0:01:52]} 24. f3
{[%clk 0:00:32]} e4 {[%clk 0:01:50]} 25. Ne3 {[%clk 0:00:25]} exf3+ 26. Kf2 Bc5
{[%clk 0:01:51]} 27. b4 {[%clk 0:00:16]} Bb6 {[%clk 0:01:38]} 28. a4
{[%clk 0:00:14]} Ne5 29. h3 a6 {[%clk 0:01:30]} 30. a5 {[%clk 0:00:16]} Ba7
{[%clk 0:01:31]} 31. Rg1 {[%clk 0:00:16]} Re6 {[%clk 0:01:21]} 32. Kf1
{[%clk 0:00:17]} Qe4 {[%clk 0:01:15]} 33. Re1 {[%clk 0:00:18]} f2
{[%clk 0:01:15]} 0-1

[Event "C18"]
[Site "?"]
[Date "2016.08.10"]
[Round "13.5"]
[White "Kanicki, Krzysztof"]
[Black "Nowak, Kamil"]
[Result "1-0"]
[LiveChessVersion "1.4.8"]
[BlackElo "1821"]
[WhiteElo "2067"]

1. d4 {[%clk 0:03:03]} d5 {[%clk 0:03:03]} 2. Nf3 {[%clk 0:03:04]} Nf6
{[%clk 0:03:04]} 3. Bf4 {[%clk 0:03:05]} Bf5 {[%clk 0:03:05]} 4. e3
{[%clk 0:03:06]} e6 {[%clk 0:03:06]} 5. c4 {[%clk 0:03:06]} c6 {[%clk 0:03:06]}
6. Nc3 {[%clk 0:03:06]} Nbd7 {[%clk 0:03:05]} 7. Qb3 {[%clk 0:03:07]} Qb6
{[%clk 0:03:02]} 8. c5 {[%clk 0:03:08]} Qxb3 {[%clk 0:02:58]} 9. axb3
{[%clk 0:03:09]} h6 {[%clk 0:02:43]} 10. b4 {[%clk 0:03:08]} Nh5 {[%clk 0:02:32]}
11. Bg3 {[%clk 0:02:49]} Nxg3 {[%clk 0:02:25]} 12. hxg3 {[%clk 0:02:49]} Be7
{[%clk 0:02:18]} 13. b5 {[%clk 0:02:37]} O-O {[%clk 0:02:00]} 14. Kd2
{[%clk 0:01:28]} Bf6 {[%clk 0:02:00]} 15. Bd3 {[%clk 0:01:04]} Bxd3
{[%clk 0:01:58]} 16. Kxd3 {[%clk 0:01:05]} e5 {[%clk 0:01:52]} 17. Kd2
{[%clk 0:01:01]} exd4 {[%clk 0:01:19]} 18. exd4 {[%clk 0:01:01]} Rfe8
{[%clk 0:01:16]} 19. Rhe1 {[%clk 0:00:57]} Rxe1 {[%clk 0:01:10]} 20. Kxe1
{[%clk 0:00:58]} Nf8 {[%clk 0:01:04]} 21. Kd2 {[%clk 0:00:55]} Ne6
{[%clk 0:01:05]} 22. Kd3 {[%clk 0:00:56]} Kf8 {[%clk 0:01:03]} 23. b3
{[%clk 0:00:17]} Ke8 {[%clk 0:01:02]} 24. bxc6 {[%clk 0:00:12]} bxc6
{[%clk 0:01:03]} 25. Ne2 {[%clk 0:00:11]} Nxc5+ {[%clk 0:00:58]} 26. Kc2
{[%clk 0:00:10]} Ne4 {[%clk 0:00:55]} 27. Ra6 {[%clk 0:00:09]} Kd7
{[%clk 0:00:55]} 28. Nc3 {[%clk 0:00:07]} Nxf2 {[%clk 0:00:51]} 29. b4
{[%clk 0:00:05]} Ne4 {[%clk 0:00:43]} 30. b5 {[%clk 0:00:07]} cxb5 31. Nxd5
{[%clk 0:00:07]} Nxg3 {[%clk 0:00:25]} 32. Nb6+ {[%clk 0:00:05]} Kc7
{[%clk 0:00:19]} 33. Nxa8+ {[%clk 0:00:06]} Kb7 {[%clk 0:00:21]} 34. Ra5
{[%clk 0:00:03]} Kxa8 {[%clk 0:00:22]} 35. Rxb5 {[%clk 0:00:05]} Ne4
{[%clk 0:00:21]} 36. Kd3 {[%clk 0:00:06]} Nd6 {[%clk 0:00:21]} 37. Rd5
{[%clk 0:00:06]} Nc8 {[%clk 0:00:18]} 38. Rd7 {[%clk 0:00:07]} Ne7
{[%clk 0:00:16]} 39. Kc4 {[%clk 0:00:06]} a5 {[%clk 0:00:11]} 40. Kb5
{[%clk 0:00:06]} a4 {[%clk 0:00:07]} 41. Kxa4 {[%clk 0:00:07]} Nf5
{[%clk 0:00:06]} 42. Kb5 {[%clk 0:00:06]} Nxd4+ {[%clk 0:00:06]} 43. Nxd4
{[%clk 0:00:07]} Bxd4 {[%clk 0:00:06]} 44. Rxd4 {[%clk 0:00:08]} 1-0

[Event "C18"]
[Site "?"]
[Date "2016.08.10"]
[Round "14.1"]
[White "Kucza, Karol"]
[Black "Niekras, Dawid"]
[Result "1-0"]
[LiveChessVersion "1.4.8"]
[BlackElo "2157"]
[WhiteElo "2184"]

1. Nf3 Nf6 2. d4 g6 3. c3 Bg7 4. Bg5 O-O 5. Nbd2 d6 6. e4 c5 7. Be2 Bg4 8. O-O
cxd4 9. cxd4 h6 10. Be3 d5 11. e5 Ne4 12. Nxe4 dxe4 13. Nd2 Bxe2 14. Qxe2 Qd5 15.
Rfc1 Nc6 16. Qc4 Rfd8 17. Nb3 Rac8 18. Qxd5 Rxd5 19. Rc4 Rcd8 20. h3 f6 21. exf6
exf6 22. Nc5 Na5 23. Ra4 b6 24. Nxe4 f5 25. Nc3 R5d7 26. Rd1 Kf7 27. Ne2 g5 28.
g3 Nc6 29. Rc1 b5 30. Ra6 Nxd4 31. Nxd4 Bxd4 32. Bxd4 Rxd4 33. Rxa7+ Kg6 34. Rc6+
R8d6 35. Rxd6+ Rxd6 36. Rb7 Rd5 37. Kg2 g4 38. hxg4 fxg4 39. b3 h5 40. a4 bxa4
41. bxa4 Rd1 42. Rb6+ Kg5 43. Rb5+ Kg6 44. a5 1-0